Les modes de jeux sur Fortnite - Statistiques

Statistiques générales
  • Ce quiz a été pris 45 fois
  • Le résultat moyen est 2 sur 7
Statistiques - réponses
Modes de jeux sur Fortnite % Correct
Battle Royale
92%
Créatif
62%
Sauver le monde
27%
Lego
24%
Rocket Racing
24%
Festival
16%
Ballistic
0%
Aucun quiz correspondant
Distribution des résultats
% des personnes avec chaque résultat
Percentile par nombre de réponses
Votre historique - résultats
Vous n’avez pas pris ce quiz